000 00253nam a2200097Ia 4500
001 1250378
005 20251031150855.0
008 251031s9999 xx 000 0 und d
245 0 _cUĞUR KOŞAR
_aE-2 ALLA DE ÖTESİNİ BIRAK
260 _bDESTEK YAYINLARI
999 _c1250378
_d1250378